LEADER 00899nam a22002531i 4500 001 991004230199707536 005 20031011161107.0 008 031111s1961 uik|||||||||||||||||eng 035 $ab1255764x-39ule_inst 035 $aARCHE-059090$9ExL 040 $aDip.to Lingue$bita$cA.t.i. Arché s.c.r.l. Pandora Sicilia s.r.l. 082 04$a808 100 1 $aMurry, John Middleton$0385498 245 14$aThe problem of style /$cby J. Middleton Murry 260 $aLondon :$bOxford University press,$c1961 300 $aX, 133 p. ;$c20 cm 440 0$aOxford paperbacks 650 4$aRetorica 907 $a.b1255764x$b02-04-14$c13-11-03 912 $a991004230199707536 945 $aLE012 Ist 2/4 MUR 1$g1$i2012000238428$lle012$o-$pE0.00$q-$rl$s- $t0$u0$v0$w0$x0$y.i13009965$z13-11-03 996 $aProblem of style$9174647 997 $aUNISALENTO 998 $ale012$b13-11-03$cm$da $e-$feng$guik$h4$i1 LEADER 02849oas 2201057 a 450 001 9910143251303321 005 20251105213014.0 011 $a1521-3935 035 $a(OCoLC)41623329 035 $a(CONSER) 2004233302 035 $a(CKB)954925586298 035 $a(EXLCZ)99954925586298 100 $a19990629a19949999 sy 101 0 $aeng 135 $aurmnu|||||||| 181 $ctxt$2rdacontent 182 $cc$2rdamedia 183 $acr$2rdacarrier 200 10$aMacromolecular chemistry and physics 210 $aZug $cHu?thig & Wepf Verlag$d©1994- 300 $aRefereed/Peer-reviewed 300 $aTitle from contents screen (Wiley InterScience, viewed: Nov. 17, 2005). 300 $aPublished: Weinheim : Wiley-VCH Verlag GmbH & Co. KGaA, <2005-> 311 08$a1022-1352 606 $aPolymers$vPeriodicals 606 $aPolymerization$vPeriodicals 606 $aSynthetic products$vPeriodicals 606 $aMacromolecules$vPeriodicals 606 $aPolyme?res$vPe?riodiques 606 $aPolyme?risation$vPe?riodiques 606 $aProduits synthe?tiques$vPe?riodiques 606 $aMacromole?cules$vPe?riodiques 606 $aMacromolecules$2fast$3(OCoLC)fst01005248 606 $aPolymerization$2fast$3(OCoLC)fst01070576 606 $aPolymers$2fast$3(OCoLC)fst01070588 606 $aSynthetic products$2fast$3(OCoLC)fst01141270 606 $aMacromolècules$2thub 606 $aPolímers$2thub 606 $aProductes sintètics$2thub 608 $aPeriodicals.$2fast 608 $aPeriodicals.$2lcgft 608 $aRevistes electròniques.$2thub 615 0$aPolymers 615 0$aPolymerization 615 0$aSynthetic products 615 0$aMacromolecules 615 6$aPolyme?res 615 6$aPolyme?risation 615 6$aProduits synthe?tiques 615 6$aMacromole?cules 615 7$aMacromolecules. 615 7$aPolymerization. 615 7$aPolymers. 615 7$aSynthetic products. 615 7$aMacromolècules. 615 7$aPolímers. 615 7$aProductes sintètics. 801 0$bDLM 801 1$bDLM 801 2$bTJC 801 2$bOCLCQ 801 2$bGUA 801 2$bOCLCQ 801 2$bIUL 801 2$bMUQ 801 2$bOCLCQ 801 2$bUKMGB 801 2$bOCLCQ 801 2$bOCLCO 801 2$bOCLCQ 801 2$bDLC 801 2$bOCLCF 801 2$bOCLCO 801 2$bOCLCQ 801 2$bNLE 801 2$bOCLCQ 801 2$bCGU 801 2$bOCLCQ 801 2$bVT2 801 2$bNJT 801 2$bOCLCO 801 2$bOCLCQ 801 2$bU3W 801 2$bOCLCQ 801 2$bAUD 801 2$bSXB 801 2$bOCLCQ 906 $aJOURNAL 912 $a9910143251303321 996 $aMacromolecular chemistry and physics$9791869 997 $aUNINA